| 000 | 00494nam a2200169 i 4500 | ||
|---|---|---|---|
| 001 | 27386 | ||
| 003 | ES-MaACL | ||
| 005 | 20240515063029.0 | ||
| 007 | t| | ||
| 008 | 030114s1970 sp ||||1| spa d | ||
| 100 | 1 |
_aAyala, Francisco, _d1906-2009 _924111 |
|
| 245 | 1 | 3 |
_aEl inquisidor y otras narraciones espaƱolas / _cFrancisco Ayala. |
| 260 |
_a[Salamanca] : _bAnaya, _c[1970] |
||
| 300 |
_a133 p. ; _c17 cm. |
||
| 852 |
_aES-MaACL _jC-40834 _bR.77053 |
||
| 999 |
_c27386 _d27386 |
||